• 首页
  • 本馆介绍
  • 公告通知
  • 最新文献
  • 馆藏检索
  • 电子资源
  • 读者导购
  • 参考咨询
  • 我的图书馆
  • 登录
  • 详细信息显示
  • 放入我的书架
  • 预约/预借图书
  • 作者相关作品
  • 分类相关作品
  • 丛书相关作品
  • 出版社相关作品

书目信息

  • 表格格式
  • 工作单格式
  • 卡片格式
题名:
初三几何学习指导
    
 
作者: 北京西成区教研中心教学教研室 编
分册:  
出版信息: 北京   北京师范大学出版社  1988.07
页数: 217页
开本: 18cm
丛书名:
单 册:
中图分类: G633.63
科图分类:
主题词: 教育--各级
电子资源:
ISBN: 7-303-00329-0
000 00648nam0 2200193 45
001 0301062335
005 20030106234658.4
010    @a7-303-00329-0@dCNY1.60
100    @a20030106d1988 km y0chiy0120 ea
101 0  @achi
105    @a z 000yy
200 1  @a初三几何学习指导@AChu San Ji He Xue Xi Zhi Dao@f北京西成区教研中心教学教研室编@FBei Jing Xi Cheng Qu Jiao Yan Zhong Xin Jiao Xue Jiao Yan Shi Bian
210    @a北京@c北京师范大学出版社@d1988.07
215    @a217页@d18cm
606 0  @a教育@x各级
690    @aG633.63@v3
701  0 @a北京西成区教研中心教学教研室@4编
801    @aCN@bPftUser@c20030106
905    @f8@b259376-383@dG633.63@e155:3
    
    初三几何学习指导/北京西成区教研中心教学教研室编.-北京:北京师范大学出版社,1988.07
    217页;18cm
    
    
    ISBN 7-303-00329-0:CNY1.60
    
●
相关链接 在E读中查询图书 在五车中查询图书 在当当中查询图书 在豆瓣中查询图书


正题名:初三几何学习指导     索取号:G633.63/155:3         预约/预借

序号 登录号 条形码 馆藏地/架位号 状态 备注
1 0259374   000240402   第一样本阅览室/ [索取号:G633.63/155:3] 在馆    
2 0259376   000240297   密集书库/ [索取号:G633.63/155:3] 在馆    
3 0259377   000240304   密集书库/ [索取号:G633.63/155:3] 在馆    
4 0259378   000240331   密集书库/ [索取号:G633.63/155:3] 在馆    
5 0259379   000240395   密集书库/ [索取号:G633.63/155:3] 在馆    
6 0259380   000240359   密集书库/ [索取号:G633.63/155:3] 在馆    
7 0259381   000240368   密集书库/ [索取号:G633.63/155:3] 在馆    
8 0259382   000240340   密集书库/ [索取号:G633.63/155:3] 在馆    
9 0259383   000240475   密集书库/ [索取号:G633.63/155:3] 在馆    
唐山师范学院图书馆 欢迎您!
大连网信软件有限公司© 版权所有